| 000 | 01326nac a22003857a 4500 | ||
|---|---|---|---|
| 001 | BR0704703 | ||
| 003 | BR-BrBNA | ||
| 005 | 20240105123504.0 | ||
| 008 | 230509b bl.|||m| |||| 00| 0 por d | ||
| 040 |
_aBR-BrBNA _bpor _cBiblioteca Nacional de Agricultura |
||
| 072 | _aE10; U10 | ||
| 090 | _aE10 BR0704703 | ||
| 100 | 1 | _aCampos, J.R.S. | |
| 100 | 1 | _aLadeira, H.H. | |
| 100 | 1 | _aPereira, J.M. | |
| 100 | 1 | _aRezende, A.M. | |
| 100 | 1 | _aAad Neto, A. | |
| 100 | 1 | _aCarvalho, W.L. de | |
| 100 | 1 | _aCandoia, P. | |
| 110 | 1 | _aSecretaria da agricultura do Maranhão, São Luís (Brasil). Serviço de Economia Rural | |
| 110 | 1 | _aUniversidade Federal de Viçosa, MG (Brasil). Depto. de Economia Rural | |
| 245 | 1 | _aDemanda de mão-de-obra agrícola no Estado do Maranhão | |
| 260 | 3 |
_aSão Luís, MA (Brasil): _c1975. |
|
| 300 | _a38 p. | ||
| 490 |
_aBoletim Técnico-Científico - Secretaria da agricultura do Maranhão. Serviço de Economia Rural (Brazil) _vno. 7503 _x |
||
| 500 | _a9 tables; 28 ref.; Documento microfilmado e tratado BR7307587 | ||
| 650 | _aMICROECONOMIA | ||
| 650 | _aMÃO-DE-OBRA | ||
| 650 | _aDEMANDA | ||
| 650 | _aCUSTO DE PRODUÇÃO | ||
| 650 | _aPROPRIEDADE AGRÍCOLA | ||
| 650 | _aMARANHÃO | ||
| 909 |
_a202312 _bLúcia Elande _c55 _dLúcia Elande |
||
| 942 |
_2AGRIS _n0 _cMS |
||
| 999 |
_c295692 _d295692 |
||